Лека нощ, мамо (Запис номер 188480)
[ съкратено ]
| 000 -Лидер | |
|---|---|
| Контролно поле с фиксирана дължина | 00931nam a2200277 c 4500 |
| 003 - Код на организацията, давaща контролен номер | |
| Контролно поле | BLK |
| 005 - Дата и час на последна редакция | |
| Контролно поле | 20220725135914.0 |
| 008 - Елементи от данни с фиксирана дължина | |
| fixed length control field | 180411b bul|||||r ||||||| ||bul|| |
| 010 ## - Наследен системен номер | |
| LC control number | KNG00197498000 |
| 040 ## - Източник на каталожния запис | |
| Идентификатор на билиотеката - собственик на записа | BLK |
| 041 ## - Код за език | |
| Код за езика на текст/звукозапис или на отделно заглавие | Български |
| Код за езика КДБФ | Български |
| 080 ## - УДК | |
| Текстов определител УДК | Българска литература |
| УДК код - определител по УДК | 821.163.2 |
| УДК определител | -32 |
| УДК - код + определител | 821.163.2-32 |
| 100 1# - Редна дума - Автор | |
| Автор | Хинкова, Василка Маринова |
| Авторска отговорност | първи автор |
| R(LIN) | 383788 |
| 139 ## - Редно поле | |
| Редна дума | Хинкова, Василка Маринова |
| Авторски знак | Хин - Х 51 |
| 245 10 - Сведения за заглавието | |
| Заглавие | Лека нощ, мамо |
| Подзаглавни данни | Повест |
| Редно поле (дума) | Василка Маринова Хинкова. |
| 257 ## - Страна на издаване | |
| Страна на създаване/издаване | България |
| 260 ## - Област на издателските данни | |
| -- | София |
| Име на издателя, разпространителя и проч. | БЗНС |
| Година на издаване | 1989 |
| 300 ## - Физическа характеристика | |
| Страници | 172 с. |
| Размери/Мащаб | 20 см |
| 380 ## - Жанр | |
| Жанр | Худож. лит. |
| 500 ## - Общи забележки | |
| Забележка | 7 250 тир. |
| 852 ## - Местоположение | |
| Форматна сигнатура | Цб 158047 |
| 856 4# - Електронен адрес и достъп | |
| Електронен формат | pdf - файл |
| Път до файла /url/ | |
| 856 4# - Електронен адрес и достъп | |
| Електронен формат | pdf - файл |
| Път до файла /url/ | |
| 942 ## - АРТИКУЛИ | |
| Вид на библиотечния материал | Книги |
| Скрит в OPAC | Не |
| Koha issues (borrowed), all copies | 4 |
| 944 ## - СЪЗДАВАНЕ И РЕДАКЦИЯ на ЗАПИСА | |
| Създаване/Редакция | Създаване |
| Дата на регистрацията/редакция | 06.12.2016 |
| Служител, извършил регистрацията/редакцията | Севдалина_Василева |
| 944 ## - СЪЗДАВАНЕ И РЕДАКЦИЯ на ЗАПИСА | |
| Създаване/Редакция | Редакция |
| Дата на регистрацията/редакция | 06.12.2016 |
| Служител, извършил регистрацията/редакцията | Севдалина_Василева |
| 999 ## - СИСТЕМНИ КОНТРОЛНИ НОМЕРА | |
| Koha biblionumber | 188480 |
| Koha biblioitemnumber | 188480 |
| Код за отписване | Код за изгубен артикул | Източник на класификационната схема | Код за повреда | Коз за рестрикции | Код за отдаване | Артикулен № | Име на библиотеката - собственик | Име на библиотеката, в която се намира в момента | Статус (Текущо местоположение) | Дата на вписване в системата | Местоположение - отдел | Цена в лева | Инвентарен номер | Систематично азбучна сигнатура | Баркод | Номер на екземпляра | Цена в евро | Служебна бележка | Служебен тип на артикула |
|---|---|---|---|---|---|---|---|---|---|---|---|---|---|---|---|---|---|---|---|
| Не е изгубен | Universal Decimal Classification | Не е повреден | без рестрикции | ползва се в читалня | 330788 | Регионална библиотека "Любен Каравелов" Русе | Регионална библиотека "Любен Каравелов" Русе | Хранилище | 1989-01-01 | Хранилище | 1.08 | 518350 | Цб 158047 | 120000518350 | 1 | 0.55 | Дост: Dp Вид: Д N: стар фонд Дата: 01.01.1989 | Книги | |
| Не е изгубен | Universal Decimal Classification | Не е повреден | без рестрикции | заемане за дома | 330789 | Регионална библиотека "Любен Каравелов" Русе | Регионална библиотека "Любен Каравелов" Русе | Заемна - подръчен фонд | 1989-01-01 | Заемна - подръчен фонд | 1.08 | 518730 | П 886.7-32/Х 51 | 120000518730 | 2 | 0.55 | Дост: Pk Вид: Ф N: стар фонд Дата: 01.01.1989 Дата инв: 09.02.2018 Бележки инв: П2018 | Книги | |
| Изтеглен | Не е изгубен | Universal Decimal Classification | Не е повреден | без рестрикции | заемане за дома | 330790 | Регионална библиотека "Любен Каравелов" Русе | Регионална библиотека "Любен Каравелов" Русе | Заемна - подръчен фонд | 1989-01-01 | Заемна - подръчен фонд | 1.08 | 518732 | П 886.7-32/Х 51 | 518732 | 3 | 0.55 | Дост: Pk Вид: Ф N: стар фонд Дата: 01.01.1989 Дата инв: 09.02.2018 Бележки инв: П2018 | Книги |